000 00703nam a2200217Ia 4500
003 GCL
008 140319s9999 xx 000 0 ara d
040 _aGCL /
_cGCL
082 0 4 _a301.412
_bأ ط
100 1 _aايهاب كريم
245 1 0 _aطرائف النساء من التراث العربى /
_cايهاب كريم
250 _aالاولى
260 _aبيروت :
_bدار النديم ،
_c1991
300 _a160 ص ؛
_c24 سم
650 0 4 _aالمرأة
650 0 4 _aالمرأة فى الحياة العامة
650 0 4 _aالتراث الشعبى
650 0 4 _aالمرأة فى الادب
650 0 4 _aالاهاجى والفكاهات العربية
942 _2ddc
_cBK
999 _c4973
_d4973